Inteligentné riadenie teploty v budove

Uložené v:
Podrobná bibliografia
Hlavný autor: Kusý, Roman (Autor)
Ďalší autori: Drahoš, Peter (Vedúci práce)
Médium: Rukopis Kniha
Jazyk:Slovak
Vydavateľské údaje: 2015
Predmet:
On-line prístup:http://is.stuba.sk/zp/portal_zp.pl?podrobnosti=111744
Tagy: Pridať tag
Žiadne tagy, Buďte prvý, kto otaguje tento záznam!

MARC

LEADER 00000ntm a22000003a 4500
001 stuzp52524
003 SK-STU
005 20160719154210.8
007 ta
008 150427s2015----xo-----f-mn---000-0-slo-d
040 |a STU  |b slo 
041 0 |a slo 
100 1 |a Kusý, Roman  |u 031000  |4 aut  |U FEI Fakulta elektrotechniky a informatiky  |T FEI Ústav robotiky a kybernetiky  |X 6173  |U E011  |Y 356  |7 A000006173 
242 0 1 |a Intelligent temperature control in the building  |y eng 
245 1 0 |a Inteligentné riadenie teploty v budove 
260 |c 2015 
300 |a 71 s., príl.  |b CD-ROM 
650 4 |a klimatizácia  |2 slo 
650 4 |a ventilácia  |2 slo 
650 4 |a OZE  |2 slo 
650 4 |a HVAC  |2 slo 
650 4 |a kúrenie  |2 slo 
650 4 |a regulácia  |2 slo 
650 4 |a control  |2 eng 
650 4 |a HVAC  |2 eng 
650 4 |a heating  |2 eng 
650 4 |a ventilation  |2 eng 
650 4 |a air condition  |2 eng 
650 4 |a RES  |2 eng 
700 1 |a Drahoš, Peter  |4 ths  |X 3709  |7 A000003709 
856 4 |u http://is.stuba.sk/zp/portal_zp.pl?podrobnosti=111744 
996 |b 284EP11091  |c E*DIPL- 11091  |l EE31  |s P  |a 0  |w stuzp52524_0001 
SQL |a stuzp52524  |b DDP  |c SLO  |d Inteligentné riadenie teploty v budove  |e 6173  |f Kusý, Roman  |g 031000  |h 3709  |i Drahoš, Peter  |j 20150616  |k 84  |l 03  |m http://is.stuba.sk/zp/portal_zp.pl?podrobnosti=111744  |n I-ROB  |o 5.2.14. automatizácia